Culture Générale - Série 1955 - Statistiques

Statistiques générales
  • Ce quiz a été pris 73 fois
  • Le résultat moyen est 3 sur 10
Statistiques - réponses
Question Réponse % Correct
De quelle ville de l'Eure les Ebroïciens sont-ils les habitants ? Evreux
63%
Quelle espèce d'animal est le "saki" ? singe
52%
De quel pays le pin "araucaria" est-il originaire ? voir drapeau Chili
48%
De quelle île le gâteau cassata ou cassate est-il originaire ? Sicile
46%
De quel pays la "verste" est-elle une ancienne mesure de longueur ? Russie
23%
De quel pays est originaire le fromage appelé "oka" ? Canada
18%
Le grain de sénevé est aussi appelé "grain de ... moutarde
17%
Ce matériau a été utilisée dans la première moitié du XX e siècle pour ses propriétés isolantes et thermorésistantes pour fabriquer les boîtiers et comme isolant électrique. bakélite
7%
Dernière épreuve d'un journal avant impression - anagramme "massore" morasse
4%
Autorisation donnée à un ecclésiastique d'exercer les fonctions de son ministère dans un autre diocèse exeat
3%
Aucun quiz correspondant
Distribution des résultats
% des personnes avec chaque résultat
Percentile par nombre de réponses
Votre historique - résultats
Vous n’avez pas pris ce quiz